| 000 | 00427nam a22001457a 4500 | ||
|---|---|---|---|
| 005 | 20180306112822.0 | ||
| 008 | 170727b xxu||||| |||| 00| 0 eng d | ||
| 040 | _cPK-LaUMT | ||
| 082 |
_aZIAC 297.08996073 _bBRE-I |
||
| 100 | _aBrent Turner , Richard | ||
| 245 |
_aIslam in the African American experience/ _cRichard Brent Turner |
||
| 260 |
_aBloomington: _bIndiana University Press, _c1997 |
||
| 300 | _a300 p. | ||
| 942 | _cBK | ||
| 999 |
_c95860 _d95860 |
||